Guess All Countries + Capitals by Flag - Oceania - Statistics

General Stats
  • This quiz has been taken 30 times
  • The average score is 23 of 28
Answer Stats
Hint Countries % Correct
Flag of Kiribati Kiribati
100%
Marshall Islands
100%
Nauru
100%
New Zealand
100%
Samoa
100%
Flag of Tuvalu Tuvalu
100%
Australia
93%
F.S. Micronesia
93%
Palau
93%
Papua New Guinea
93%
Flag of Tonga Tonga
93%
Flag of Vanuatu Vanuatu
93%
Flag of Fiji Fiji
87%
Wellington
87%
Apia
80%
Canberra
80%
Solomon Islands
80%
Yaren
73%
Palikir
67%
Suva
67%
Ngerulmud
60%
Nuku'alofa
60%
Funafuti
60%
Honiara
60%
Majuro
60%
Port Moresby
60%
Port Vila
60%
South Tarawa
60%
No matching quizzes found
Score Distribution
Percent of People with Each Score
Percentile by Number Answered
Your Score History
You have not taken this quiz